000 00775nam a2200253Ia 4500
003 OSt
005 20220925194135.0
006 a|||||r|||| 00| 0
007 ta
008 220923b |||||||| |||| 00| 0 eng d
020 _a0521287790
_c2706.9200000000001
037 _b007/2012-13, 20/06/2012, PIONEER BOOK DISTRIBUTORS
_cGeneral Book
040 _aRTL
_cRTL
_beng
041 _2eng
_aeng
082 _aY, K8
100 _aGoldthorpe J E
_9131182
245 0 _aIntroduction to Sociology
250 _a3rd
260 _aCambridge
_bCambridge Unversity Press
_c1968
300 _aviii,233p.
_ccm.
650 _aSociology
942 _hY, K8
_cGB
_2CC
999 _c528387
_d528387